|
|
|
|
| LEADER |
00000ny a22000003n 4500 |
| 005 |
2011053002282.0 |
| 008 |
080709s2001 sp s 000 0 spa c |
| 020 |
|
|
|a 8484940101
|
| 035 |
|
|
|a 1628
|
| 040 |
|
|
|a UMA.RE
|d vLex
|
| 080 |
|
|
|a 347.725:657.6(460)(0.034)
|
| 080 |
|
|
|a 657.6:347.725(460)(0.034)
|
| 090 |
|
|
|c 356
|d 356
|
| 100 |
1 |
|
|a Arana, Francisco J
|
| 245 |
1 |
0 |
|a Verificacin̤ de las cuentas anuales de la Sociedad Ann̤ima
|h [Recurso electrn̤ico]
|c Francisco J. Arana, Amaia Zubiarre
|
| 256 |
|
|
|a Servicio en ln̕ea
|
| 260 |
|
|
|a [Madrid] :
|b Edersa,
|c 2001
|
| 490 |
1 |
|
|a Cuadernos mercantiles;
|v 2
|
| 506 |
1 |
|
|a Contenido solo disponible en los productos indicados
|d vLex Global
|d vLex Global (Academic Edition, excluding Law Schools)
|d vLex Global (U.S. Academic Edition, Law Schools)
|d vLex Global (U.S. Academic Edition, excluding Law Schools)
|d vLex Global (Academic Edition, Law Schools)
|
| 650 |
0 |
7 |
|a Sociedad ann̤ima
|2 Tesauro vLex
|
| 650 |
0 |
7 |
|a Societario
|2 Tesauro vLex
|
| 650 |
0 |
7 |
|a Derecho de sociedades
|2 Tesauro vLex
|
| 650 |
0 |
7 |
|a Sociedades ann̤imas
|2 Tesauro vLex
|
| 650 |
0 |
7 |
|a Cuentas anuales y distribucin̤ del resultado
|2 Tesauro vLex
|
| 700 |
1 |
|
|a Zubiarre, Amaia
|
| 740 |
0 |
|
|a vLex Libros (Servicios en ln̕ea)
|
| 830 |
0 |
|
|a Cuadernos mercantiles (Editoriales de Derecho Reunidas)
|
| 856 |
4 |
0 |
|u http://vlex.com/source/1628
|z Acceso restringido
|
| 942 |
|
|
|c BOOK
|
| 999 |
0 |
|
|a Corporations
|b Madrid
|